Countries of the World by Presidential standards - Statistics

General Stats
  • This quiz has been taken 6 times
  • The average score is 86 of 131
Answer Stats
Picture Answer % Correct
Albania
100%
Algeria
100%
Angola
100%
Argentina
100%
Armenia
100%
Bahrain
100%
Belarus
100%
Croatia
100%
Cyprus
100%
Ecuador
100%
Egypt
100%
Estonia
100%
Eswatini
100%
Finland
100%
France
100%
Haiti
100%
Iceland
100%
Ireland
100%
Kazakhstan
100%
Madagascar
100%
Malawi
100%
Mauritania
100%
Morocco
100%
Oman
100%
Pakistan
100%
Panama
100%
Paraguay
100%
Russia
100%
Saudi Arabia
100%
Serbia
100%
Seychelles
100%
Singapore
100%
Slovakia
100%
Slovenia
100%
Taiwan
100%
United Arab Emirates
100%
Vatican City
100%
Botswana
80%
Bulgaria
80%
Burkina Faso
80%
Central African Republic
80%
Chile
80%
Denmark
80%
Ghana
80%
Guatemala
80%
Israel
80%
Kenya
80%
Liberia
80%
Mauritius
80%
Mexico
80%
Montenegro
80%
Nigeria
80%
Portugal
80%
Rwanda
80%
South Sudan
80%
Sweden
80%
Togo
80%
Tunisia
80%
Turkmenistan
80%
Ukraine
80%
United Kingdom
80%
United States of America
80%
Uzbekistan
80%
Zimbabwe
80%
Azerbaijan
60%
Brazil
60%
Brunei
60%
Cambodia
60%
Colombia
60%
Czech Republic
60%
Democratic Republic of Congo
60%
Germany
60%
Greece
60%
Guyana
60%
Italy
60%
Jordan
60%
Kuwait
60%
Maldives
60%
Malta
60%
Moldova
60%
Mozambique
60%
North Korea
60%
Peru
60%
Sudan
60%
Suriname
60%
Tanzania
60%
Thailand
60%
Uganda
60%
Uruguay
60%
Venezuela
60%
Zambia
60%
Bangladesh
40%
Dominica
40%
Fiji
40%
Gabon
40%
Hungary
40%
Ivory Coast
40%
Japan
40%
Kosovo
40%
Latvia
40%
Lesotho
40%
Liechtenstein
40%
Lithuania
40%
Luxembourg
40%
Monaco
40%
Namibia
40%
Palau
40%
Palestine
40%
Philippines
40%
Poland
40%
Spain
40%
Tajikistan
40%
Tonga
40%
Türkiye
40%
Yemen
40%
Belgium
20%
Kyrghyzstan
20%
Netherlands
20%
Norway
20%
São Tomé e Príncipe
20%
Vanuatu
20%
Barbados
0%
Cuba
0%
Erirtrea
0%
Georgia
0%
Indonesia
0%
Malaysia
0%
Sierra Leone
0%
South Korea
0%
The Gambia
0%
Trinidad and Tobago
0%
No matching quizzes found
Score Distribution
Percent of People with Each Score
Percentile by Number Answered
Your Score History
You have not taken this quiz